[Event "Mumbai ICS-ch"]
[Site "Mumbai"]
[Date "2022.10.02"]
[Round "8"]
[White "Rohnit, G Amin"]
[Black "Vedant, Mistry"]
[Result "0-1"]
[WhiteElo "1701"]
[BlackElo "1371"]
[PlyCount "84"]
[EventDate "2022.09.25"]
[EventType "swiss"]
[EventRounds "8"]
[EventCountry "IND"]
[SourceTitle "EXT 2023"]
[Source "ChessBase"]
[SourceDate "2022.10.05"]
[SourceVersion "1"]
[SourceVersionDate "2022.10.05"]
[SourceQuality "1"]

1. e4 e5 2. Nf3 Nc6 3. Bc4 Bc5 4. c3 Nf6 5. d4 exd4 6. cxd4 Bb4+ 7. Nc3 Nxe4 8. 0-0 Bxc3 9. d5 Ne7 10. bxc3 0-0 11. Qd4 Nf6 12. Bg5 Ng6 13. h4 Re8 14. h5 Nf8 15. Rae1 Rxe1 16. Rxe1 h6 17. Bxf6 Qxf6 18. Qe3 d6 19. Qe8 b6 20. Nd4 Qg5 21. Qe7 Bd7 22. Qxg5 hxg5 23. Re7 Re8 24. Nf5 Rxe7 25. Nxe7+ Kh7 26. f3 Kh6 27. g4 g6 28. hxg6 Nxg6 29. Nc6 Bxc6 30. dxc6 Ne5 31. Bd5 Kg6 32. Kf2 Kf6 33. Ke3 Ng6 34. Kd4 Ne7 35. Be4 Ke6 36. c4 f5 37. gxf5+ Nxf5+ 38. Kc3 Ke5 39. Kb4 Nd4 40. Bd5 Kf4 41. a3 a6 42. a4 a5+ 0-1

[Event "Mumbai ICS-ch"]
[Site "Mumbai"]
[Date "2022.10.01"]
[Round "6"]
[White "Rohnit, G Amin"]
[Black "Pawar, Sohum"]
[Result "1-0"]
[WhiteElo "1701"]
[BlackElo "1468"]
[PlyCount "101"]
[EventDate "2022.09.25"]
[EventType "swiss"]
[EventRounds "8"]
[EventCountry "IND"]
[SourceTitle "EXT 2023"]
[Source "ChessBase"]
[SourceDate "2022.10.05"]
[SourceVersion "1"]
[SourceVersionDate "2022.10.05"]
[SourceQuality "1"]

1. e4 c5 2. Nf3 d6 3. d4 cxd4 4. Nxd4 Nf6 5. Nc3 g6 6. Be2 Bg7 7. Be3 Nc6 8. 0-0 0-0 9. f4 d5 10. e5 Ne4 11. Nxe4 dxe4 12. c3 Nxd4 13. Bxd4 Be6 14. Qd2 f5 15. exf6 Bxf6 16. Rad1 Bxa2 17. Qe3 Bxd4 18. Rxd4 Qb6 19. Rxe4 Qxb2 20. Rb4 Qc2 21. Rxb7 Rf7 22. Bf3 Rd8 23. Rf2 Rd1+ 24. Bxd1 Qxd1+ 25. Rf1 Qg4 26. h3 Qh4 27. Rxa7 Bd5 28. Qe5 Qg3 29. Rf2 e6 30. Rxf7 Kxf7 31. c4 Bxg2 32. Rxg2 Qxh3 33. c5 Qb3 34. Kh2 Qf3 35. Rb2 Qh5+ 36. Qxh5 gxh5 37. Rd2 Kf6 38. c6 Kf5 39. c7 Kxf4 40. c8Q e5 41. Qe6 Ke3 42. Qh6+ Ke4 43. Qxh5 Kf4 44. Rf2+ Ke3 45. Rf3+ Kd4 46. Qf5 e4 47. Rf4 Kd3 48. Rxe4 h5 49. Qf3+ Kd2 50. Re2+ Kc1 51. Qf1# 1-0

[Event "IND-ch U15"]
[Site "Tiruchengode"]
[Date "2019.07.10"]
[Round "3"]
[White "Nikhil, Magizhnan"]
[Black "Rohnit, G Amin"]
[Result "1-0"]
[WhiteElo "2164"]
[BlackElo "1766"]
[PlyCount "113"]
[EventDate "2019.07.09"]
[EventType "swiss"]
[EventRounds "11"]
[EventCountry "IND"]
[SourceTitle "EXT 2020"]
[Source "ChessBase"]
[SourceDate "2019.10.17"]
[SourceVersion "1"]
[SourceVersionDate "2019.10.17"]
[SourceQuality "1"]

1. e4 e6 2. d4 d5 3. e5 c5 4. c3 Nc6 5. Nf3 Bd7 6. Be2 a6 7. 0-0 cxd4 8. cxd4 Rc8 9. Nc3 b5 10. Bd3 Qb6 11. Ne2 Nge7 12. Be3 Nb4 13. Bb1 a5 14. Nd2 a4 15. f4 Nf5 16. Bf2 h5 17. h3 h4 18. Nf3 Be7 19. Nc3 g6 20. a3 Nc6 21. Bxf5 gxf5 22. Qe1 Rb8 23. Nxh4 Nxd4 24. Nxf5 exf5 25. Qd1 Bc5 26. Nxd5 Qa7 27. Nf6+ Ke7 28. Rc1 Be6 29. Rxc5 Qxc5 30. Bxd4 Qc6 31. Bc3 Bc4 32. Bb4+ Ke6 33. Ne4 Qd5 34. Nc5+ Ke7 35. Na6+ Kd7 36. Nxb8+ Rxb8 37. Qxd5+ Bxd5 38. Rc1 Rg8 39. Rc2 Ke6 40. Kh2 Bc4 41. Rd2 Bd5 42. Bc3 Rh8 43. g4 Rd8 44. Kg3 Rg8 45. Kh4 Rh8+ 46. Kg5 Rg8+ 47. Kh6 Rh8+ 48. Kg7 Rd8 49. Ba5 Rd7 50. Kf8 fxg4 51. hxg4 Ra7 52. Bc3 Ra8+ 53. Kg7 Rd8 54. f5+ Ke7 55. e6 Rd6 56. Bb4 fxe6 57. f6+ 1-0

[Event "Thane ARMS op 1st"]
[Site "Thane"]
[Date "2018.04.22"]
[Round "7"]
[White "Nair, Sanjeev"]
[Black "Rohnit, G Amin"]
[Result "1-0"]
[WhiteElo "1829"]
[BlackElo "1395"]
[PlyCount "73"]
[EventDate "2018.04.21"]
[EventType "swiss (rapid)"]
[EventRounds "9"]
[EventCountry "IND"]
[SourceTitle "CBM 184 Extra"]
[Source "ChessBase"]
[SourceDate "2018.06.28"]
[SourceVersion "1"]
[SourceVersionDate "2018.06.28"]
[SourceQuality "1"]

1. Nf3 e6 2. e3 d5 3. b3 Be7 4. Bb2 Bf6 5. d4 Ne7 6. Bd3 0-0 7. g4 Ng6 8. Nbd2 c6 9. Qe2 Re8 10. Ne5 Qc7 11. Ndf3 Nd7 12. Nxg6 hxg6 13. g5 Be7 14. h4 Bb4+ 15. c3 Bd6 16. h5 gxh5 17. Rxh5 g6 18. Rh4 e5 19. dxe5 Nxe5 20. Nxe5 Bxe5 21. 0-0-0 Qe7 22. Rdh1 c5 23. Kb1 Bg7 24. Qf3 Bd7 25. Qg2 Qe5 26. Rh7 Kf8 27. Bc2 Bc6 28. Qh3 Ke7 29. f4 Qe6 30. Qxe6+ Kxe6 31. Rxg7 Rad8 32. Rf1 Kd6 33. c4 Bd7 34. Rxf7 dxc4 35. bxc4 Rxe3 36. Be5+ Kc6 37. Ba4+ 1-0

[Event "Thane ARMS op 1st"]
[Site "Thane"]
[Date "2018.04.21"]
[Round "4"]
[White "Rohnit, G Amin"]
[Black "Boricha, Ketan"]
[Result "0-1"]
[WhiteElo "1395"]
[BlackElo "1981"]
[PlyCount "44"]
[EventDate "2018.04.21"]
[EventType "swiss (rapid)"]
[EventRounds "9"]
[EventCountry "IND"]
[SourceTitle "CBM 184 Extra"]
[Source "ChessBase"]
[SourceDate "2018.06.28"]
[SourceVersion "1"]
[SourceVersionDate "2018.06.28"]
[SourceQuality "1"]

1. e4 c6 2. d4 d5 3. e5 c5 4. a3 Nc6 5. Nf3 Bg4 6. dxc5 e6 7. Be2 Bxc5 8. Nbd2 a6 9. 0-0 Nge7 10. b4 Ba7 11. h3 Bxf3 12. Nxf3 Ng6 13. Bb2 Qc7 14. Kh1 0-0 15. Bd3 h6 16. Qe2 Rac8 17. Rac1 Qe7 18. Bxg6 fxg6 19. Qd3 Rf5 20. g4 Rf4 21. Kg2 Rcf8 22. Nd4 Nxd4 0-1

[Event "Mumbai Wealth op 3rd"]
[Site "Mumbai"]
[Date "2018.01.06"]
[Round "8"]
[White "Rohnit, G Amin"]
[Black "Harshavardhan, GB."]
[Result "0-1"]
[WhiteElo "1798"]
[BlackElo "1984"]
[PlyCount "114"]
[EventDate "2017.12.30"]
[EventType "swiss"]
[EventRounds "9"]
[EventCountry "IND"]
[SourceTitle "CBM 182 Extra"]
[Source "ChessBase"]
[SourceDate "2018.02.23"]
[SourceVersion "1"]
[SourceVersionDate "2018.02.23"]
[SourceQuality "1"]

1. e4 c5 2. Nc3 Nc6 3. Bc4 g6 4. f4 Bg7 5. Nf3 e6 6. f5 Nge7 7. fxe6 dxe6 8. 0-0 0-0 9. d3 Nd4 10. a3 a6 11. Ba2 b5 12. Ne2 Nxe2+ 13. Qxe2 Bb7 14. c3 b4 15. axb4 cxb4 16. d4 a5 17. Ng5 Ba6 18. Bc4 Bxc4 19. Qxc4 bxc3 20. bxc3 Rc8 21. Qb3 Rxc3 22. Qa2 h6 23. Nxf7 Rxf7 24. Qxe6 Qxd4+ 25. Kh1 Qc4 26. Qxf7+ Qxf7 27. Rxf7 Kxf7 28. Bb2 Rc5 29. Rf1+ Kg8 30. Ba3 Re5 31. Re1 Nd5 32. Bd6 Re6 33. e5 Nb4 34. g3 Nc6 35. Rc1 Bxe5 36. Rxc6 Bxd6 37. Ra6 Re1+ 38. Kg2 Bb4 39. Rxg6+ Kh7 40. Ra6 Ra1 41. Kf3 a4 42. Kg4 Bf8 43. Kh5 a3 44. h4 Rh1 45. Ra7+ Kg8 46. g4 Bc5 47. Ra5 Be7 48. Kg6 Rxh4 49. Ra8+ Bf8 50. g5 Rg4 51. Kf5 Rxg5+ 52. Ke4 Rg2 53. Kd3 a2 54. Kc4 Kh7 55. Kb3 Bg7 56. Rxa2 Rxa2 57. Kxa2 h5 0-1

[Event "Mumbai Wealth op U13"]
[Site "Mumbai"]
[Date "2016.02.05"]
[Round "9"]
[White "Rohnit, G Amin"]
[Black "Savalkar, Mayuri"]
[Result "1-0"]
[WhiteElo "1501"]
[BlackElo "1260"]
[PlyCount "119"]
[EventDate "2016.01.28"]
[EventType "swiss"]
[EventRounds "9"]
[EventCountry "IND"]
[SourceTitle "CBM 170 Extra"]
[Source "ChessBase"]
[SourceDate "2016.02.25"]
[SourceVersion "1"]
[SourceVersionDate "2016.02.25"]
[SourceQuality "1"]

1. e4 e5 2. Nf3 Nc6 3. Bc4 Bc5 4. c3 Nf6 5. d4 exd4 6. cxd4 Bb4+ 7. Nc3 Nxe4 8. 0-0 Bxc3 9. d5 Bf6 10. Re1 0-0 11. Rxe4 Ne7 12. d6 Ng6 13. Bg5 cxd6 14. Bxf6 Qxf6 15. Rd4 Ne5 16. b3 Nxf3+ 17. gxf3 Rb8 18. Rxd6 Qg5+ 19. Kh1 Re8 20. Qd4 Qe5 21. a4 Qxd4 22. Rxd4 Re5 23. Rad1 b6 24. f4 Rf5 25. Bd3 Bb7+ 26. Kg1 Rd5 27. Rxd5 Bxd5 28. Bxh7+ Kxh7 29. Rxd5 Rd8 30. Kg2 Kg6 31. Kf3 Kf6 32. f5 Rc8 33. Rxd7 Rc3+ 34. Kg4 Rxb3 35. Rxa7 Rb4+ 36. f4 Rb1 37. Rb7 Rg1+ 38. Kf3 Rf1+ 39. Kg3 Rb1 40. Kg4 Rg1+ 41. Kf3 Rf1+ 42. Ke4 Re1+ 43. Kd5 Ra1 44. Rxb6+ Kxf5 45. Rb4 Ra2 46. Kc5 Rxh2 47. a5 Rh8 48. a6 Rc8+ 49. Kd6 Ra8 50. Ra4 f6 51. Kc7 Rxa6 52. Rxa6 Kxf4 53. Ra4+ Kg5 54. Kd6 f5 55. Ke5 g6 56. Rf4 Kh6 57. Kf6 Kh5 58. Rd4 g5 59. Kxf5 g4 60. Rxg4 1-0

[Event "Mumbai Wealth op U13"]
[Site "Mumbai"]
[Date "2016.02.04"]
[Round "8"]
[White "Tanishka, Kotia"]
[Black "Rohnit, G Amin"]
[Result "1/2-1/2"]
[WhiteElo "1650"]
[BlackElo "1501"]
[PlyCount "79"]
[EventDate "2016.01.28"]
[EventType "swiss"]
[EventRounds "9"]
[EventCountry "IND"]
[SourceTitle "CBM 170 Extra"]
[Source "ChessBase"]
[SourceDate "2016.02.25"]
[SourceVersion "1"]
[SourceVersionDate "2016.02.25"]
[SourceQuality "1"]

1. e4 e6 2. d4 d5 3. Nc3 Nf6 4. e5 Nfd7 5. f4 c5 6. Nf3 Nc6 7. Be3 a6 8. Qd2 b5 9. a3 Qb6 10. dxc5 Bxc5 11. Bxc5 Nxc5 12. h4 Bb7 13. Bd3 h6 14. b4 Nxd3+ 15. Qxd3 0-0-0 16. Ne2 Kb8 17. Ned4 Rc8 18. Nb3 Rc7 19. Nc5 a5 20. c3 Ka7 21. Nd4 Nxd4 22. Qxd4 a4 23. h5 Rhc8 24. Rh3 Rg8 25. Kf2 Bc6 26. Rg3 Bd7 27. Rh1 Ka8 28. Rh4 Be8 29. Qd3 Rxc5 30. bxc5 Qxc5+ 31. Re3 Qxa3 32. Qh7 Qf8 33. Qb1 Qe7 34. Rhh3 f5 35. Qb4 Qc7 36. Rh1 Kb7 37. Reh3 Ka8 38. Rf3 Kb7 39. Rfh3 Ka8 40. Rf3 1/2-1/2

[Event "Mumbai Wealth op U13"]
[Site "Mumbai"]
[Date "2016.01.30"]
[Round "3"]
[White "Rohnit, G Amin"]
[Black "Mrudul, Dehankar"]
[Result "0-1"]
[WhiteElo "1501"]
[BlackElo "1731"]
[PlyCount "104"]
[EventDate "2016.01.28"]
[EventType "swiss"]
[EventRounds "9"]
[EventCountry "IND"]
[SourceTitle "CBM 170 Extra"]
[Source "ChessBase"]
[SourceDate "2016.02.25"]
[SourceVersion "1"]
[SourceVersionDate "2016.02.25"]
[SourceQuality "1"]

1. e4 d5 2. exd5 Nf6 3. c4 c6 4. Nc3 cxd5 5. d4 g6 6. Nf3 Bg7 7. c5 Nc6 8. Bb5 0-0 9. Bxc6 bxc6 10. Ne5 Qc7 11. Qa4 Bb7 12. 0-0 Nd7 13. Nxd7 Qxd7 14. Bf4 Qg4 15. Be3 f6 16. f3 Qd7 17. Qc2 e5 18. Ne2 Rae8 19. Qd2 Ba6 20. Rfe1 Re7 21. Kf2 Rfe8 22. Nc3 Qf5 23. g4 Qd7 24. Kg3 f5 25. Bf2 fxg4 26. fxg4 e4 27. Be3 Rf7 28. Ne2 Rf3+ 29. Kg2 Qxg4+ 30. Ng3 h5 31. Kh1 Qh3 32. Qg2 Qxg2+ 33. Kxg2 h4 34. Nh1 Rb8 35. Rab1 Bd3 36. Rbd1 Rxb2+ 37. Bf2 Bxd4 38. Kg1 Bxf2+ 39. Nxf2 Rfxf2 40. Rxd3 exd3 41. Rd1 Rg2+ 42. Kh1 Rxh2+ 43. Kg1 Rbg2+ 44. Kf1 Rh1+ 45. Kxg2 Rxd1 46. Kf2 h3 47. Kg3 d2 48. Kxh3 Re1 49. Kg4 d1Q+ 50. Kg5 Qf3 51. Kxg6 Rg1+ 52. Kh6 Qh3# 0-1

[Event "Mumbai Wealth op U13"]
[Site "Mumbai"]
[Date "2016.01.28"]
[Round "1"]
[White "Rohnit, G Amin"]
[Black "Hetamsaria, Aadi"]
[Result "1-0"]
[WhiteElo "1501"]
[BlackElo "1019"]
[PlyCount "37"]
[EventDate "2016.01.28"]
[EventType "swiss"]
[EventRounds "9"]
[EventCountry "IND"]
[SourceTitle "CBM 170 Extra"]
[Source "ChessBase"]
[SourceDate "2016.02.25"]
[SourceVersion "1"]
[SourceVersionDate "2016.02.25"]
[SourceQuality "1"]

1. e4 d5 2. exd5 Qxd5 3. Nc3 Qa5 4. Nf3 Nf6 5. Bc4 e6 6. 0-0 Bd6 7. d4 Nbd7 8. d5 exd5 9. Re1+ Be7 10. Nxd5 Nxd5 11. Qxd5 Qxd5 12. Bxd5 c6 13. Bb3 Nc5 14. Bf4 Nxb3 15. axb3 Be6 16. Nd4 Bd7 17. Bd6 0-0 18. Rxe7 Rfd8 19. Bc7 1-0